Statistics for Countries Closest to Poland - 15 Second Sprint

Click here to take the quiz!

General Stats

  • This quiz has been taken 173 times
  • The average score is 6 of 20

Answer Stats

kmcountrymiles% Correct
0Germany0
98%
0Russia0
77%
0Czechia0
59%
0Slovakia0
57%
0Belarus0
53%
0Lithuania0
53%
0Ukraine0
45%
190Latvia118
41%
94Denmark59
31%
396Estonia246
29%
76Hungary47
25%
154Sweden96
24%
143Austria89
23%
101Romania63
9%
345Slovenia214
7%
454Italy282
5%
464Netherlands288
3%
334Serbia208
3%
370Croatia230
2%
287Moldova178
2%

Score Distribution

Percentile by Number Answered

Percent of People with Each Score

Your Score History

You have not taken this quiz